<?xml version="1.0" encoding="UTF-8"?>
<record
    xmlns:xsi="http://www.w3.org/2001/XMLSchema-instance"
    xsi:schemaLocation="http://www.loc.gov/MARC21/slim http://www.loc.gov/standards/marcxml/schema/MARC21slim.xsd"
    xmlns="http://www.loc.gov/MARC21/slim">

  <leader>01120nam a22002177a 4500</leader>
  <controlfield tag="008">160511b        xxu||||| |||| 00| 0 eng d</controlfield>
  <datafield tag="020" ind1=" " ind2=" ">
    <subfield code="a">9789968993708</subfield>
  </datafield>
  <datafield tag="020" ind1=" " ind2=" ">
    <subfield code="a">9968993700</subfield>
  </datafield>
  <datafield tag="082" ind1=" " ind2=" ">
    <subfield code="a">764.807.4</subfield>
    <subfield code="b">H565p</subfield>
  </datafield>
  <datafield tag="100" ind1=" " ind2=" ">
    <subfield code="a">Fabio Herrera; Guillermo Fern&#xE1;ndez; Alfonso Pe&#xF1;a</subfield>
    <subfield code="9">4937</subfield>
  </datafield>
  <datafield tag="110" ind1=" " ind2=" ">
    <subfield code="a"> Galer&#xED;a Andr&#xF3;meda (San Jos&#xE9;, Costa Rica)</subfield>
    <subfield code="9">4938</subfield>
  </datafield>
  <datafield tag="245" ind1=" " ind2=" ">
    <subfield code="a">Piel planetaria</subfield>
    <subfield code="c">	Fabio Herrera; Guillermo Fern&#xE1;ndez; Alfonso Pe&#xF1;a; Galer&#xED;a Andr&#xF3;meda (San Jos&#xE9;, Costa Rica)</subfield>
  </datafield>
  <datafield tag="260" ind1=" " ind2=" ">
    <subfield code="a">San Jos&#xE9;, Costa Rica</subfield>
    <subfield code="b">Ediciones Andr&#xF3;meda : Taller de la Imaginaci&#xF3;n</subfield>
    <subfield code="c">1999.</subfield>
  </datafield>
  <datafield tag="300" ind1=" " ind2=" ">
    <subfield code="a">xlv </subfield>
    <subfield code="b">illustrations (some color)</subfield>
    <subfield code="c">21 cm</subfield>
  </datafield>
  <datafield tag="505" ind1=" " ind2=" ">
    <subfield code="t">Marroqu&#xED;</subfield>
    <subfield code="t">Planeta</subfield>
    <subfield code="t">La ni&#xF1;a</subfield>
    <subfield code="t">El ni&#xF1;o</subfield>
    <subfield code="t">Celebraci&#xF3;n</subfield>
    <subfield code="t">Vegetal </subfield>
    <subfield code="t">Vitalidad </subfield>
    <subfield code="t">Esferas </subfield>
    <subfield code="t">Gitana </subfield>
    <subfield code="t">Aroma </subfield>
    <subfield code="t">R&#xFA;stico </subfield>
    <subfield code="t">Guerrero </subfield>
    <subfield code="t">El juego </subfield>
    <subfield code="t">Cama de Musgo </subfield>
    <subfield code="t">Insecto </subfield>
    <subfield code="t">Animal </subfield>
    <subfield code="t">Circuitos </subfield>
    <subfield code="t">Mec&#xE1;nico</subfield>
    <subfield code="t">Cer&#xE1;mica</subfield>
    <subfield code="t">Jardinero </subfield>
    <subfield code="t">Incendio </subfield>
    <subfield code="t">Ozono</subfield>
  </datafield>
  <datafield tag="650" ind1=" " ind2=" ">
    <subfield code="a">Herrera Martinez, Fabio</subfield>
    <subfield code="v">Serigrafias</subfield>
    <subfield code="x">Exposiciones</subfield>
    <subfield code="9">4939</subfield>
  </datafield>
  <datafield tag="700" ind1=" " ind2=" ">
    <subfield code="a">Fabio Herrera</subfield>
    <subfield code="9">4940</subfield>
  </datafield>
  <datafield tag="700" ind1=" " ind2=" ">
    <subfield code="a">Guillermo Fern&#xE1;ndez</subfield>
    <subfield code="9">4941</subfield>
  </datafield>
  <datafield tag="700" ind1=" " ind2=" ">
    <subfield code="a"> Alfonso Pe&#xF1;a</subfield>
    <subfield code="9">4942</subfield>
  </datafield>
  <datafield tag="710" ind1=" " ind2=" ">
    <subfield code="a">Galer&#xED;a Andr&#xF3;meda (San Jos&#xE9;, Costa Rica)</subfield>
    <subfield code="9">4943</subfield>
  </datafield>
  <datafield tag="999" ind1=" " ind2=" ">
    <subfield code="c">898</subfield>
    <subfield code="d">898</subfield>
  </datafield>
  <datafield tag="952" ind1=" " ind2=" ">
    <subfield code="0">0</subfield>
    <subfield code="1">0</subfield>
    <subfield code="2">ddc</subfield>
    <subfield code="4">0</subfield>
    <subfield code="7">0</subfield>
    <subfield code="a">LV</subfield>
    <subfield code="b">LV</subfield>
    <subfield code="c">Literatura</subfield>
    <subfield code="d">2016-05-11</subfield>
    <subfield code="l">0</subfield>
    <subfield code="o">764.807.4 H565p</subfield>
    <subfield code="p">000835</subfield>
    <subfield code="r">2016-05-11 00:00:00</subfield>
    <subfield code="w">2016-05-11</subfield>
    <subfield code="y">01</subfield>
  </datafield>
</record>
